| 000 | 00953nam a2200289 a 4500 | ||
|---|---|---|---|
| 001 | 991211 | ||
| 003 | NUST - PNEC | ||
| 005 | 20170116180956.0 | ||
| 008 | 870812s1986 maua b 001 0 eng | ||
| 010 | _a 86071325 | ||
| 020 | _a0890061882 | ||
| 040 | _cLIBRARY | ||
| 082 | 0 | 0 | _a621.38195 MAN |
| 100 | 1 |
_aMange, Daniel, _d1940- |
|
| 240 | 1 | 0 |
_aAnalyse et synthèse des systèmes logiques. _lEnglish |
| 245 | 1 | 0 |
_aAnalysis and synthesis of logic systems / _cDaniel Mange. |
| 260 |
_aNorwood, MA : _bArtech House, _cc1986. |
||
| 300 |
_aix, 416 p. : _bill. ; _c24 cm. |
||
| 440 | 4 | _aThe Artech House communication and electronic defense library | |
| 500 | _aTranslation of: Analyse et synthèse des systèmes logiques. | ||
| 500 | _aIncludes index. | ||
| 504 | _aBibliography: p. 395-402. | ||
| 650 | 0 |
_aLogic circuits. _xEL, EE |
|
| 650 | 0 | _aSwitching circuits. | |
| 906 |
_a7 _bcbc _corignew _d3 _eopcn _f19 _gy-gencatlg |
||
| 942 |
_2ddc _cBK |
||
| 999 |
_c66535 _d66535 |
||